000 01284nam a2200313Ia 4500
003 GCL
008 140319s9999 xx 000 0 ara d
040 _aGCL /
_cGCL
082 0 4 _aق
_b333.7846
_bج م
100 1 _aجميل على حمدى
245 1 0 _aالمحميات الطبيعية فى مصر /
_cجميل على حمدى
260 _aالقاهرة :
_bوزارة الاعلام الهيئة العامة للاستعلامات ،
_c1994
300 _a23 ص ؛
_c32 سم
490 _aسلسلة كتب ( تبسيط علمى للطلائع )
_vالثانى
650 0 4 _aمحمية راس محمد
650 0 4 _aالمحميات
650 0 4 _aمحمية جزيرة سالوجاوغزال
650 0 4 _aمحمية وادى العلاقى
650 0 4 _aمحمية وادى الاسيوطى
650 0 4 _aمحمية كهف وادى ستور
650 0 4 _aمحمية الغابة المتحجرة بالمعادى
650 0 4 _aمحمية قبة الحسان
650 0 4 _aمحمية وادى الريان
650 0 4 _aمحمية العميد
650 0 4 _aالمحميات الطبيعية
650 0 4 _aمحمية الزرانيق وسنجة البردويل
650 0 4 _aمحمية اشتوم الجميل وجزيرة تنيس
942 _2ddc
_cBK
999 _c58352
_d58352